Rail sell-off suffers court setback (Record no. 8068)

MARC details
000 -LEADER
fixed length control field 00895cab a2200241 4500
001 - CONTROL NUMBER
control field WB3201-71
008 - FIXED-LENGTH DATA ELEMENTS--GENERAL INFORMATION
fixed length control field 090401t1995 xxu||||| |||| 00| 0 eng d
035 ## - SYSTEM CONTROL NUMBER
System control number (Sirsi) u12620
041 ## - LANGUAGE CODE
Language code of text/sound track or separate title eng
245 ## - TITLE STATEMENT
Title Rail sell-off suffers court setback
260 ## - PUBLICATION, DISTRIBUTION, ETC.
Date of publication, distribution, etc. 1995
350 ## - PRICE (NR) (BK AM CF MU VM SE) [OBSOLETE]
Price 0
490 ## - SERIES STATEMENT
Series statement Financial Times
Volume/sequential designation 16 December 1995, 1&5
490 ## - SERIES STATEMENT
Series statement Independent
Volume/sequential designation 18 December 1995, 5
490 ## - SERIES STATEMENT
Series statement Sunday Times
Volume/sequential designation 17 December 1995, 1
490 ## - SERIES STATEMENT
Series statement Department of Transport Press Notice
Volume/sequential designation (427) 18 December 1995,
520 ## - SUMMARY, ETC.
Summary, etc. Rail privatisation plans have suffered a set back following the CA decision blocking the sale of four rail passenger franchises. Railtrack plans a ten year £10bn investment programme to upgrade the rail track network.
650 ## - SUBJECT ADDED ENTRY--TOPICAL TERM
Topical term or geographic name entry element PUBLIC TRANSPORT
650 ## - SUBJECT ADDED ENTRY--TOPICAL TERM
Topical term or geographic name entry element RAIL PRIVATISATION
690 ## - LOCAL SUBJECT ADDED ENTRY--TOPICAL TERM (OCLC, RLIN)
Topical term or geographic name as entry element TRANSPORT AND COMMUNICATIONS
942 ## - ADDED ENTRY ELEMENTS (KOHA)
Suppress in OPAC 0
948 ## - LOCAL PROCESSING INFORMATION (OCLC); SERIES PART DESIGNATOR (RLIN)
c (OCLC) 04/03/1997
Holdings
Withdrawn status Lost status Source of classification or shelving scheme Damaged status Not for loan Home library Current library Shelving location Date acquired Total Checkouts Full call number Barcode Date last seen Copy number Price effective from Koha item type
    Dewey Decimal Classification     London London News article 14/09/1999   WB3201-71 12620-1001 06/08/2019 1 06/08/2019 News article